| 000 | 01276cam a22003018a 4500 | ||
|---|---|---|---|
| 001 | 15993399 | ||
| 005 | 20100521131246.0 | ||
| 008 | 091123s2010 cau | 001 0 eng d | ||
| 010 | _a2009049498 | ||
| 020 | _a9780470550472 (paper/dvd) | ||
| 040 |
_aDLC _cDLC |
||
| 050 | 0 | 0 |
_aLB1025.3 _b.L48 2010 |
| 082 | 0 | 0 |
_a371.3 _222 _bLEM |
| 100 | 1 |
_aLemov, Doug, _d1967- _915651 |
|
| 245 | 1 | 0 |
_aTeach Like a Champion : _b49 Techniques that Put Students on the Path to College / _cDoug Lemov ; foreword by Norman Atkins Jossey-Bass. |
| 250 | _a1st ed. | ||
| 260 |
_aSan Francisco : _bJossey-Bass, _cc2010. |
||
| 263 | _a1004 | ||
| 300 | 3 |
_a332 p. ; _c24 cm. |
|
| 500 | _aIncludes index. | ||
| 541 | _aBacca ; | ||
| 650 | 0 |
_aEffective teaching. _915652 |
|
| 650 | 0 |
_aAcademic achievement. _915653 |
|
| 650 | 0 |
_aCollege preparation programs. _915654 |
|
| 942 |
_2ddc _cBB |
||
| 999 |
_c14327 _d14327 |
||